000 00967nas a2200301 4500
001 BR2015006270
003 BR-BrBNA
005 20231205125848.0
007 ta
008 230509b bl.|||p| |||| 00| 00por d
040 _aBR-BrBNA
_bpor
_cBiblioteca Nacional de Agricultura
041 _a(Pt)
072 _aL40
100 1 _aCarvalhal, R.
100 1 _aSouza, W.M. de
100 1 _aMiglino, M.A.
245 1 _aArtéria e veia lienais de bovinos da raça Nelore
246 1 _aLienales artery and vein of bovines of Nelore breed
650 _aGADO NELORE
650 _aARTERIA
650 _aBACO
650 _aANATOMIA ANIMAL
650 _aAPARELHO CIRCULATORIO
773 0 _tBrazilian Journal of Veterinary Research and Animal Science (Brazil)
_xISSN 1413-9596ISSN 1678-4456
_g(2001), v. 38(1) p. 9-12
_wBR2015006270
856 4 0 _uhttp://www.scielo.br/pdf/bjvras/v38n1/9667.pdf
909 _a202311
_bLúcia
_c55
_dLúcia Elande
942 _2AGRIS
_n0
_cANA
999 _c246568
_d246568